• 首页
  • 本馆介绍
  • 公告通知
  • 最新文献
  • 馆藏检索
  • 电子资源
  • 读者导购
  • 参考咨询
  • 我的图书馆
  • 登录
  • 详细信息显示
  • 放入我的书架
  • 预约/预借图书
  • 作者相关作品
  • 分类相关作品
  • 丛书相关作品
  • 出版社相关作品

书目信息

  • 表格格式
  • 工作单格式
  • 卡片格式
题名:
战后美国教育史
    
 
作者: 贺国庆 , 何振海 著
分册:  
出版信息: 上海   上海交通大学出版社  2014.08
页数: 336页
开本: 24cm
丛书名:
单 册:
中图分类: G571.29
科图分类:
主题词: 教育史--美国--现代 , 教育史
电子资源:
ISBN: 978-7-313-11354-2
000 01260nam0 2200289 450
001 006922135
005 20151231085659.42
010    @a978-7-313-11354-2@dCNY50.00
100    @a20141030d2014 em y0chiy0110 ea
101 0  @achi
102    @aCN@b310000
105    @ay z 001yy
106    @ar
200 1  @a战后美国教育史@9zhan hou mei guo jiao yu shi@dA history of American education after World War II@f贺国庆,何振海等著@zeng
210    @a上海@c上海交通大学出版社@d2014.08
215    @a336页@d24cm
300    @a教育部人文社会科学研究一般项目(09YJA880029)
330    @a本书作者从历史角度,全面、系统地梳理、分析自20世纪50年代以来美国先后进行的六次大规模的基础教育改革运动,总结其成功经验及失败教训。全书分为上下两编。上编以时间为线索,分六个阶段对战后以来不同时期美国教育的整体发展情况进行系统梳理,主要侧重对联邦政府的教育政策及各阶段教育发展宏观走向的把握;下编以专题形式对美国教育发展中的部分热点或焦点问题进行深入分析。
333    @a教育研究者
510 1  @aHistory of American education after World War II@zeng
606 0  @a教育史@y美国@z现代
606 0  @a教育史
690    @aG571.29@v5
701  0 @a贺国庆@9he guo qing@4著
701  0 @a何振海@9he zhen hai@4著
801  0 @aCN@b人天书店@c20141030
905    @b875147-49@dG571.29@e67@f3
    
    战后美国教育史=A history of American education after World War II/贺国庆,何振海等著.-上海:上海交通大学出版社,2014.08
    336页;24cm
    教育部人文社会科学研究一般项目(09YJA880029).-使用对象:教育研究者
    
    ISBN 978-7-313-11354-2:CNY50.00
    本书作者从历史角度,全面、系统地梳理、分析自20世纪50年代以来美国先后进行的六次大规模的基础教育改革运动,总结其成功经验及失败教训。全书分为上下两编。上编以时间为线索,分六个阶段对战后以来不同时期美国教育的整体发展情况进行系统梳理,主要侧重对联邦政府的教育政策及各阶段教育发展宏观走向的把握;下编以专题形式对美国教育发展中的部分热点或焦点问题进行深入分析。
●
相关链接 在E读中查询图书 在五车中查询图书 在当当中查询图书 在豆瓣中查询图书


正题名:战后美国教育史     索取号:G571.29/67         预约/预借

序号 登录号 条形码 馆藏地/架位号 状态 备注
1 875147   208751475   学院路分馆/ [索取号:G571.29/67] 在馆    
2 875148   208751484   学院路分馆/ [索取号:G571.29/67] 在馆    
3 875149   208751493   学院路分馆/ [索取号:G571.29/67] 在馆    
唐山师范学院图书馆 欢迎您!
大连网信软件有限公司© 版权所有